Loading...
| Any History | 0 | 5 | 1 | 2 | 45 | 92 | 121.60 | 0 | 0 |
| Fine Arts - Classical Music | 0 | 4 | 1 | 1 | 35 | 90 | 120.50 | 0 | 0 |
| History - World History | 0 | 6 | 5 | 0 | 35 | 75 | 100.33 | 0 | 2 |
| Current Events | 0 | 3 | 0 | 2 | 30 | 132 | 134.33 | 0 | 0 |
| Geography | 0 | 3 | 0 | 1 | 30 | 66 | 110.00 | 1 | 1 |
| Religion | 0 | 3 | 1 | 0 | 25 | 116 | 125.67 | 0 | 0 |
| Painting & Sculpture | 0 | 3 | 3 | 1 | 15 | 114 | 133.00 | 0 | 0 |
| History - European History | 0 | 2 | 1 | 0 | 15 | 63 | 95.00 | 0 | 0 |
| Science - Chemistry | 0 | 1 | 0 | 1 | 10 | 121 | 121.00 | 0 | 0 |
| Science - Other Science | 0 | 1 | 0 | 0 | 10 | 133 | 133.00 | 0 | 0 |
| History - American History | 0 | 1 | 0 | 1 | 10 | 140 | 140.00 | 0 | 0 |
| Mythology | 0 | 1 | 0 | 0 | 10 | 138 | 138.00 | 0 | 0 |
| Philosophy | 0 | 1 | 0 | 0 | 10 | 132 | 132.00 | 0 | 0 |
| Science - Biology | 0 | 1 | 0 | 1 | 10 | 135 | 135.00 | 0 | 0 |
| Fine Arts - Other Fine Arts | 0 | 0 | 0 | 0 | 0 | 0.00 | 0 | 0 |